000 00335pab a2200145 454500
008 180718b1988 xxu||||| |||| 00| 0 eng d
100 _aSubhas Chandra
245 _aBetter deal for Solar energy
260 _c1988
300 _a15-16
362 _a18 Sept.
650 _aSolar Energy
773 _aDemocratic World
909 _a18461
999 _c18461
_d18461